000
00318nam a2200133Ia 4500
008
231017s9999 xx 000 0 und d
082
_a
620.13623
082
_b
FER
245
0
_a
Alkali-Silica Reaction and High Performance Concrete
245
0
_c
Chiara F.
260
_b
Chiara F.
300
_c
30cm
942
_c
REP
999
_c
604013
_d
604013